MARC

LEADER 00000nam0a2200000 4500
001 373653
005 20231102012602.0
010 |b 1885 экз. 
035 |a (RuTPU)RU\TPU\retro\31083 
035 |a RU\TPU\book\272769 
090 |a 373653 
100 |a 20221216d1969 m y0rusy50 ca 
101 0 |a rus 
102 |a RU 
105 |a ac z 000zy 
200 1 |a Д. И. Менделеев и Петербургский университет  |f А. А. Макареня, И. Н. Филимонова  |g Ленинградский государственный университет (ЛГУ) 
210 |a Ленинград  |c Изд-во Ленинградского ун-та  |d 1969 
215 |a 108 с.  |c ил. 
320 |a Библиогр.: с. 108. 
600 1 |a Менделеев  |g Дмитрий Иванович  |b Д. И.  |c учёный-энциклопедист, химик, педагог  |f 1834-1907  |c член-корреспондент Петербургской АН  |2 stltpush  |3 (RuTPU)RU\TPU\pers\1367 
606 1 |a Химики  |x Персоналии  |2 stltpush  |3 (RuTPU)RU\TPU\subj\69968  |9 84576 
610 1 |a химия 
610 1 |a русские ученые 
610 1 |a ученые-химики 
610 1 |a биографии 
675 |a 54(092)  |v 3 
700 1 |a Макареня  |b А. А.  |g Александр Александрович 
701 1 |a Филимонова  |b И. Н.  |g Ирина Николаевна 
712 0 2 |a Ленинградский государственный университет (ЛГУ)  |c (1924-1991)  |2 stltpush  |3 (RuTPU)RU\TPU\col\77 
801 1 |a RU  |b 63413507  |c 20140214 
801 2 |a RU  |b 63413507  |c 20221216  |g RCR 
942 |c BK